| 000 | 01126nam a2200253 a 4500 | ||
|---|---|---|---|
| 001 | BRCA_8978 | ||
| 005 | 20190320210459.0 | ||
| 008 | 100717s1789----sp-#######---#000-0#spa-# | ||
| 041 | _aspa | ||
| 044 | _asp | ||
| 084 |
_aLE16 _b.C35 1789 |
||
| 100 | 1 |
_aCalino, Cesar _d1670-1749 _922289 |
|
| 245 | 1 | 0 |
_aDiscursos morales y consideraciones familiares para todos los días del año _ccompuestos en italiano por el P. Cesar Calino; y traducido al castellano por el P. D. Simon Lopez... |
| 260 |
_aMadrid _bPor Don Joseph Doblado _c1789 |
||
| 300 |
_a394 p. [8] (t.12) _c21.7 x 15.5 cm |
||
| 500 | _aEn portada: Para el uso de los Curas Párrocos y Directores de congregaciones y Exercicios Espirituales: y para provecho de quien quiera todos los días fixar sus pensamientos en alguna Verdad Eterna. | ||
| 500 | _aCon licencia en Madrid | ||
| 500 | _aEstado físico: presenta encuadernación en pergamino con cintas rotas | ||
| 505 | 0 | _aTomo XII. Mes de diciembre | |
| 650 | 1 | 4 |
_aVida cristiana _xAutores católicos _yObras anteriores a 1800 _922290 |
| 700 | 1 |
_aLopez, Simon _etr. _97963 |
|
| 902 | _aCFM | ||
| 942 |
_2lcc _cB |
||
| 999 |
_c8629 _d8629 |
||